| 000 | 00640nam a2200193 4500 | ||
|---|---|---|---|
| 001 | 140417 | ||
| 003 | ES-MaACL | ||
| 005 | 20240522092755.0 | ||
| 007 | t| | ||
| 008 | 070214s1968 sp r ||||1| spa d | ||
| 100 | 1 |
_aSchweinitz, Karl de. _9104896 |
|
| 245 | 1 | 0 |
_aCómo nacemos / _cKarl de Schweinitz ; prólogo de P. Frederic Raurell ; traducción de José María Valverde. |
| 260 |
_aBarcelona : _bAriel, _c1968. |
||
| 300 |
_a63 p., 2 lám. : _bil. ; _c22 cm. |
||
| 700 | 1 |
_aRaurell, P. Frederic. _995553 |
|
| 700 | 1 |
_aValverde, José María, _d1926-1996 _9113013 |
|
| 852 |
_aES-MaACL _jC-37126 _bR.66420 |
||
| 999 |
_c140417 _d140417 |
||